20 largest nordic lakes - Statistics

General Stats
  • This quiz has been taken 14 times
  • The average score is 6 of 20
Answer Stats
Area Lake % Correct
5 655 Vänern
85%
1 893 Vättern
85%
1 140 Mälaren
46%
485 Hjälmaren
38%
1 040 Inari
38%
4 377 Saimaa
38%
354 Siljan
38%
464 Storsjön
38%
315 Lokka
23%
887 Oulujärvi
23%
1 081 Päijänne
23%
330 Torneträsk
23%
261 Akkajaure
15%
473 Kallavesi
15%
494 Keitele
15%
365 Mjøsa
15%
256 Näsijärvi
15%
894 Pielinen
15%
330 Puula
15%
282 Höytiäinen
8%
No matching quizzes found
Score Distribution
Percent of People with Each Score
Percentile by Number Answered
Your Score History
You have not taken this quiz